000 00326pam a2200157a 44500
008 230515b1940 xxu||||| |||| 00| 0 eng d
020 _aNULL
041 _aHINDI
082 _a1
100 _aSHIVNARAYAN
245 _aSANKYAKARIKA
250 _a1
260 _aNA
_bN.D.
_c1940
300 _a100
650 _aSANKYAKARIKA
999 _c496960
_d496960